00345nam a2200157Ia 45000010006000000050017000060080041000230410008000640820015000721000022000872450020001092600009001293000033001386500008001716540008001791804620260306171602.0260306s9999||||xx |||||||||||||| ||und|| aESP a658.4bC75 aCollins, JimeAUT 0aGreat by choice c2011 axii, 304 páginas :c24 cm. aGEN aCAN